El hombre en busca de sentido (Registro nro. 9256)
[ vista simple ]
| 000 -Cabecera | |
|---|---|
| Campo de control de longitud fija | 00533nam a22002177a 4500 |
| 005 - Fecha y hora de la última transacción | |
| Campo de control | 20231010170501.0 |
| 008 - Elementos de longitud fija--Información general | |
| Campo de control de longitud fija | 170407b xxu||||| |||| 00| 0 spa d |
| 020 ## - International Standard Book Number | |
| Número Internacional Estándar del Libro (ISBN) | 9788425423871 |
| 041 ## - Idioma | |
| Código de idioma | |
| 082 ## - Clasificación Decimal Dewey | |
| Número de clasificación | 155.23 F831h |
| 100 ## - Entrada principal--Autor personal | |
| Nombre personal | Frankl, Viktor |
| 9 (RLIN) | 42119 |
| 245 ## - Título propiamente dicho | |
| Título | El hombre en busca de sentido |
| 260 ## - Pie de imprenta | |
| Lugar de publicación, distribución, etc. | España |
| 260 ## - Pie de imprenta | |
| Nombre del editor, distribuidor, etc. | Herder |
| 260 ## - Pie de imprenta | |
| Fecha de publicación, distribución, etc. | 2010 |
| 650 ## - Materia general | |
| Temática (materia general) | PSICOLOGÍA EXISTENCIAL |
| 650 ## - Materia general | |
| Temática (materia general) | PSICOTERAPIA |
| 650 ## - Materia general | |
| Temática (materia general) | BIOGRAFÍAS |
| 650 ## - Materia general | |
| Temática (materia general) | EXISTENCIALISMO |
| 942 ## - Punto de acceso adicional KOHA | |
| Tipo de ítem KOHA | Literatura |
| Fuente del sistema de clasificación o colocación | Dewey Decimal Classification |
| Signatura completa | Código de barras | Tipo de ítem | En préstamo |
|---|---|---|---|
| 155.23 F831h | 22044 | Literatura | |
| 155.23 F831h | 22045 | Literatura | 03/10/2022 |